[Event "CAMPIONATUL NATIONAL PE ECHIPE"]
[Site "CONSTANTA, COMPLEXUL CLEOPATR"]
[Date "2010.10.05"]
[Round "3.1"]
[White "Zaim, Marian"]
[Black "Toma Alin , Andreica Alin"]
[Result "1/2-1/2"]
[WhiteElo "2200"]
[BlackElo "2223"]
[PlyCount "63"]
[EventDate "2010.10.04"]

1. Nf3 d5 2. c4 dxc4 3. Qa4+ c6 4. Qxc4 e6 5. g3 b5 6. Qc2 Bb7 7. Bg2 c5 8. O-O
Nd7 9. b3 Ngf6 10. Bb2 Be7 11. d3 O-O 12. Nbd2 a6 13. Rac1 Rc8 14. Qb1 Re8 15.
Rfd1 Qb6 16. Nf1 Bf8 17. Qa1 Red8 18. N1d2 Rc7 19. Ne5 Bxg2 20. Kxg2 Rdc8 21.
Nxd7 Nxd7 22. Nf3 h6 23. Rc2 Qb7 24. Kg1 c4 25. bxc4 bxc4 26. dxc4 Rxc4 27.
Rxc4 Rxc4 28. Rxd7 Qxd7 29. Ne5 Qd5 30. Nxc4 Qxc4 31. Kf1 f6 32. Bd4 1/2-1/2

[Event "CAMPIONATUL NATIONAL PE ECHIPE"]
[Site "CONSTANTA, COMPLEXUL CLEOPATR"]
[Date "2010.10.06"]
[Round "4.1"]
[White "Ionescu, Doru-Alexandru"]
[Black "Zaim, Marian"]
[Result "1/2-1/2"]
[WhiteElo "2387"]
[BlackElo "2200"]
[PlyCount "76"]
[EventDate "2010.10.04"]

1. d4 g6 2. c4 Bg7 3. Nc3 Nf6 4. e4 d6 5. h3 O-O 6. Bg5 c5 7. d5 e6 8. Bd3 exd5
9. cxd5 h6 10. Be3 Na6 11. Nge2 Nc7 12. Qd2 Kh7 13. O-O b5 14. Rac1 b4 15. Nd1
Re8 16. Ng3 Ba6 17. Re1 Bxd3 18. Qxd3 Nd7 19. f4 a6 20. b3 Nb5 21. Rc2 Nd4 22.
Rf2 a5 23. Ne2 Nxe2+ 24. Rfxe2 a4 25. Bf2 axb3 26. axb3 Ra3 27. Nb2 Nb6 28. Nc4
Nxc4 29. Qxc4 Bc3 30. Rd1 f6 31. Re3 Qa8 32. Qb5 Re7 33. Qb6 Ra6 34. Qb5 Ra1
35. Kh2 Qa6 36. Qxa6 Rxa6 37. Be1 Ba1 38. Bg3 Kg7 1/2-1/2

[Event "CAMPIONATUL NATIONAL PE ECHIPE"]
[Site "CONSTANTA, COMPLEXUL CLEOPATR"]
[Date "2010.10.07"]
[Round "5.1"]
[White "Zaim, Marian"]
[Black "Enache, Danut-Alexandru"]
[Result "1/2-1/2"]
[WhiteElo "2200"]
[BlackElo "2302"]
[PlyCount "102"]
[EventDate "2010.10.04"]

1. Nf3 Nf6 2. c4 Nc6 3. d4 e6 4. g3 Bb4+ 5. Bd2 Qe7 6. Bg2 O-O 7. O-O Bxd2 8.
Nbxd2 d6 9. Qc2 e5 10. d5 Nb8 11. b4 a5 12. a3 e4 13. Nd4 e3 14. Ne4 exf2+ 15.
Nxf2 axb4 16. axb4 Rxa1 17. Rxa1 Na6 18. Qd2 Qe5 19. Rd1 Re8 20. Bf3 h5 21. e4
Bg4 22. Rb1 Kf8 23. Bg2 Kg8 24. Bh1 g6 25. Bg2 Bd7 26. Nc2 b5 27. cxb5 Bxb5 28.
Nd4 Bd7 29. Ra1 Nb8 30. Rc1 Rc8 31. b5 Ng4 32. Nxg4 Bxg4 33. h3 Bd7 34. Rc3 Rf8
35. Ra3 Bc8 36. Rc3 Nd7 37. Nc6 Qe8 38. Ra3 Bb7 39. Ra7 Bxc6 40. dxc6 Nc5 41.
Rxc7 Qb8 42. Qxd6 Qxb5 43. Kh2 Qb8 44. Qe7 h4 45. e5 hxg3+ 46. Kxg3 Ne6 47. Rb7
Qxe5+ 48. Kf2 Qf4+ 49. Kg1 Qc1+ 50. Kh2 Qf4+ 51. Kg1 Qc1+ 1/2-1/2

[Event "CAMPIONATUL NATIONAL PE ECHIPE"]
[Site "CONSTANTA, COMPLEXUL CLEOPATR"]
[Date "2010.10.07"]
[Round "6.1"]
[White "Hegedus, Iuliu"]
[Black "Zaim, Marian"]
[Result "1-0"]
[WhiteElo "2313"]
[BlackElo "2200"]
[PlyCount "59"]
[EventDate "2010.10.04"]

1. e4 c5 2. Nf3 d6 3. Bb5+ Bd7 4. Bxd7+ Qxd7 5. c4 Nf6 6. Nc3 Nc6 7. d4 cxd4 8.
Nxd4 g6 9. f3 Bg7 10. Be3 O-O 11. O-O Rfc8 12. b3 Nxd4 13. Bxd4 Ne8 14. Rc1
Bxd4+ 15. Qxd4 Qe6 16. a4 Qf6 17. Qe3 e6 18. f4 Qe7 19. Rcd1 a6 20. Rd3 Rd8 21.
Rfd1 Rac8 22. h3 Rb8 23. a5 Qc7 24. Na4 Kf8 25. Nb6 Ke7 26. b4 Qc6 27. e5 dxe5
28. fxe5 Rxd3 29. Rxd3 f6 30. Qh6 1-0

[Event "CAMPIONATUL NATIONAL PE ECHIPE"]
[Site "CONSTANTA, COMPLEXUL CLEOPATR"]
[Date "2010.10.08"]
[Round "7.1"]
[White "Zaim, Marian"]
[Black "Moldovan, Ioan"]
[Result "1-0"]
[WhiteElo "2200"]
[BlackElo "2110"]
[PlyCount "87"]
[EventDate "2010.10.04"]

1. c4 Nf6 2. Nc3 c5 3. g3 g6 4. Bg2 Bg7 5. Nf3 Nc6 6. O-O O-O 7. d4 cxd4 8.
Nxd4 Nxd4 9. Qxd4 d6 10. Qd3 Nd7 11. b3 Nc5 12. Qd2 a5 13. Ba3 Rb8 14. Rad1 Be6
15. Nb5 Qb6 16. Nd4 Bd7 17. Bb2 Ne6 18. e3 Rfc8 19. Rb1 Nxd4 20. exd4 Bf5 21.
Rbc1 Rc7 22. Rfe1 Bf6 23. Bc3 Ra8 24. Bf1 Qa7 25. Qf4 b6 26. g4 Bc8 27. d5 Bxc3
28. Rxc3 Ba6 29. Rh3 e5 30. dxe6 fxe6 31. Qxd6 Bc8 32. Qd8+ Kg7 33. Rf3 Rf7 34.
Qd4+ Kf8 35. Qd8+ Kg7 36. Rxf7+ Qxf7 37. Bg2 Rb8 38. Qd6 Rb7 39. Qe5+ Kg8 40.
Bxb7 Qxb7 41. Qe4 Qf7 42. f3 h6 43. Kg2 Kh7 44. Re3 1-0

[Event "CAMPIONATUL NATIONAL PE ECHIPE"]
[Site "CONSTANTA, COMPLEXUL CLEOPATR"]
[Date "2010.10.09"]
[Round "8.1"]
[White "Stanca, Adrian"]
[Black "Zaim, Marian"]
[Result "1/2-1/2"]
[WhiteElo "2253"]
[BlackElo "2200"]
[PlyCount "33"]
[EventDate "2010.10.04"]

1. e4 c5 2. Nc3 d6 3. g4 Nc6 4. h3 g6 5. Bg2 Bg7 6. d3 e6 7. h4 h5 8. gxh5 Rxh5
9. Bg5 Bf6 10. Bf3 Rh8 11. Qd2 Nd4 12. O-O-O Bd7 13. e5 Bxg5 14. hxg5 Rxh1 15.
Bxh1 d5 16. Nf3 Nf5 17. Nh2 1/2-1/2

[Event "CAMPIONATUL NATIONAL PE ECHIPE"]
[Site "CONSTANTA, COMPLEXUL CLEOPATR"]
[Date "2010.10.10"]
[Round "9.1"]
[White "Zaim, Marian"]
[Black "Dragomirescu, Calin"]
[Result "1/2-1/2"]
[WhiteElo "2200"]
[BlackElo "2228"]
[PlyCount "67"]
[EventDate "2010.10.04"]

1. c4 g6 2. g3 Bg7 3. Bg2 Nf6 4. Nf3 O-O 5. O-O d6 6. Nc3 e5 7. d3 Nc6 8. Bg5
h6 9. Bxf6 Bxf6 10. Rb1 a5 11. a3 Bg7 12. b4 axb4 13. axb4 f5 14. b5 Ne7 15.
Ne1 f4 16. e3 Nf5 17. Nc2 h5 18. Nd5 fxg3 19. fxg3 Ra2 20. Ndb4 Ra5 21. Ra1
Rxa1 22. Qxa1 Qg5 23. e4 Nh6 24. Qc1 Rxf1+ 25. Qxf1 h4 26. gxh4 Qxh4 27. Nd5 c6
28. bxc6 bxc6 29. Nde3 Ng4 30. Nxg4 Qxg4 31. Qf3 Qg5 32. Qe3 Qxe3+ 33. Nxe3 Bh6
34. Kf2 1/2-1/2

[Event "Festiv.  Int. de Sah Eforie 2010"]
[Site "Eforie Nord 2010"]
[Date "2010.06.19"]
[Round "2.17"]
[White "Carlsson, Pontus"]
[Black "Zaim, Marian"]
[Result "1-0"]
[WhiteElo "2479"]
[BlackElo "2195"]
[Annotator ",alex"]
[PlyCount "49"]
[EventDate "2010.??.??"]
[TimeControl "5400"]

1. e4 c5 2. Nf3 d6 3. d4 cxd4 4. Nxd4 Nf6 5. Nc3 a6 6. Bg5 e6 7. f4 Be7 8. Qf3
Qc7 9. O-O-O Nc6 10. Nxc6 Qxc6 11. Bd3 Bd7 12. Qg3 Kf8 13. e5 dxe5 14. fxe5 Ne8
15. Rhf1 Bxg5+ 16. Qxg5 Qc7 17. Rxf7+ Kxf7 18. Rf1+ Nf6 19. exf6 g6 20. Qh6
Rag8 21. Ne4 g5 22. Nxg5+ Rxg5 23. Qxg5 Rg8 24. Qh5+ Kf8 25. Qh6+ 1-0

[Event "Festiv.  Int. de Sah Eforie 2010"]
[Site "Eforie Nord 2010"]
[Date "2010.06.20"]
[Round "4.22"]
[White "Zaim, Marian"]
[Black "Cosma, Ioan"]
[Result "0-1"]
[WhiteElo "2195"]
[BlackElo "2420"]
[Annotator ",alex"]
[PlyCount "138"]
[EventDate "2010.??.??"]
[TimeControl "5400"]

1. Nf3 c5 2. c4 Nf6 3. g3 b6 4. Bg2 Bb7 5. O-O e6 6. d4 cxd4 7. Nxd4 Bxg2 8.
Kxg2 a6 9. b3 Be7 10. Bb2 O-O 11. Nc3 Ra7 12. e4 d6 13. Qe2 Qc8 14. Rad1 Rc7
15. Rc1 Qb7 16. Rfd1 Rfc8 17. f3 Nbd7 18. h3 h6 19. Kh2 Ne5 20. Kg2 Ng6 21. Kh2
Bf8 22. Kg2 Re8 23. Nc2 Rcc8 24. Ne3 Qb8 25. Kh2 Qb7 26. Qf1 Rb8 27. a4 Nd7 28.
Ba3 Nc5 29. Rb1 Qc6 30. Nc2 Qd7 31. Bc1 Be7 32. Be3 Qc7 33. Nb4 Qb7 34. Nc2
Rbc8 35. Bg1 Red8 36. Be3 Ne5 37. Bd4 Nc6 38. Bg1 Bf6 39. Nd4 Nb4 40. Qe2 Qc7
41. Na2 Nc6 42. Nxc6 Qxc6 43. Nb4 Qb7 44. Nd3 Qc7 45. Nb4 Re8 46. Bd4 Be7 47.
Ba1 Rcd8 48. Kg2 Bf8 49. Qc2 Qb7 50. Na2 b5 51. axb5 axb5 52. cxb5 Qxb5 53. Nc3
Qb4 54. Na2 Qa3 55. b4 Nd7 56. Rb3 Rc8 57. Nc3 Qa8 58. Bb2 Ne5 59. Qf2 Nc4 60.
Ba1 Qb7 61. Ne2 Ra8 62. Nd4 Ra4 63. Bc3 Rea8 64. Re1 d5 65. exd5 Qxd5 66. Rbb1
Ra2 67. Re2 Rxe2 68. Qxe2 Ra2 69. Nc2 Rxc2 0-1

[Event "Festiv.  Int. de Sah Eforie 2010"]
[Site "Eforie Nord 2010"]
[Date "2010.06.23"]
[Round "7.24"]
[White "Zaim, Marian"]
[Black "Soltanici, Ruslan"]
[Result "1/2-1/2"]
[WhiteElo "2195"]
[BlackElo "2412"]
[Annotator ",alex"]
[PlyCount "86"]
[EventDate "2010.??.??"]

1. g3 e5 2. c4 Nf6 3. Bg2 Nc6 4. Nc3 g6 5. Nf3 Bg7 6. O-O O-O 7. d4 exd4 8.
Nxd4 Re8 9. Nxc6 dxc6 10. Qxd8 Rxd8 11. Rb1 Rd4 12. b3 Bf5 13. Be3 Rd7 14. Rbc1
h6 15. h3 g5 16. Rfd1 Rad8 17. Rxd7 Rxd7 18. g4 Bg6 19. Bf3 Bf8 20. Na4 Rd8 21.
Nc3 Ba3 22. Rf1 Bb2 23. Nb1 a5 24. Kg2 Ne4 25. Bxe4 Bxe4+ 26. f3 Bc2 27. Kf2 a4
28. Nd2 c5 29. bxa4 Ra8 30. Nb3 Rxa4 31. Nxc5 Rxa2 32. Nxb7 Bb3 33. f4 f6 34.
fxg5 hxg5 35. Nc5 Bxc4 36. Nd3 Ba3 37. Rd1 Kf7 38. Rd2 Ra1 39. Rc2 Bd5 40.
Rxc7+ Kg6 41. Bc1 Bd6 42. Rd7 Ra6 43. Be3 Be6 1/2-1/2

[Event "Festiv.  Int. de Sah Eforie 2010"]
[Site "Eforie Nord 2010"]
[Date "2010.06.24"]
[Round "8.25"]
[White "Zaim, Marian"]
[Black "Maksimov, Oleg"]
[Result "1-0"]
[WhiteElo "2195"]
[BlackElo "2338"]
[PlyCount "77"]
[EventDate "2010.??.??"]

1. Nf3 d6 2. d4 Nf6 3. c4 c6 4. Nc3 Qc7 5. e4 e5 6. Be2 Be7 7. O-O O-O 8. h3
Re8 9. Qc2 a6 10. a3 Nbd7 11. Be3 b6 12. b4 Bb7 13. dxe5 dxe5 14. Rfd1 a5 15.
Rab1 axb4 16. axb4 h6 17. Ne1 Red8 18. Bf3 Kh7 19. Qb2 Rab8 20. Ra1 Ra8 21.
Rxa8 Rxa8 22. Nd3 Rb8 23. Ra1 Ra8 24. Rxa8 Bxa8 25. Qa2 Bb7 26. c5 b5 27. Qxf7
Nf8 28. Qa2 Bc8 29. Qb2 Be6 30. Ne2 Ng6 31. Ng3 Nd7 32. Bd2 Bc4 33. Ne1 Nf4 34.
Bc3 Bf6 35. Nh5 Qd8 36. Nxf4 exf4 37. e5 Bh4 38. Bxc6 Nf8 39. Qd2 1-0

[Event "Festiv.  Int. de Sah Eforie 2010"]
[Site "Eforie Nord 2010"]
[Date "2010.06.27"]
[Round "11.23"]
[White "Cosma, Elena-Luminita"]
[Black "Zaim, Marian"]
[Result "1-0"]
[WhiteElo "2370"]
[BlackElo "2195"]
[Annotator ",alex"]
[PlyCount "157"]
[EventDate "2010.??.??"]
[TimeControl "5400"]

1. d4 Nf6 2. Nf3 d6 3. Nc3 g6 4. e4 Bg7 5. h3 O-O 6. Be3 c6 7. a4 Nbd7 8. a5 e6
9. Be2 Qe7 10. O-O Ne8 11. Qd2 Nc7 12. Rfe1 f6 13. d5 cxd5 14. exd5 e5 15. Nb5
Nxb5 16. Bxb5 a6 17. Bf1 f5 18. c4 e4 19. Bd4 Bxd4 20. Nxd4 Ne5 21. b4 Bd7 22.
Rac1 Rac8 23. Rc3 Rc7 24. f4 Nf7 25. Rec1 Rfc8 26. Be2 Nh6 27. Bd1 Kf8 28. Bb3
Nf7 29. Qe3 Nd8 30. R3c2 Nf7 31. c5 Nd8 32. Qc3 Qg7 33. Qb2 Qe7 34. c6 bxc6 35.
dxc6 Be6 36. Nxe6+ Nxe6 37. Qh8+ Kf7 38. Qxh7+ Kf6 39. Qh4+ Kg7 40. Qxe7+ Rxe7
41. Bxe6 Rxe6 42. Kf2 Kf7 43. Ke3 Rc7 44. Rd1 d5 45. Rdc1 Rd6 46. Kd4 Ke6 47.
Rc5 Rd8 48. b5 axb5 49. Rxb5 Rdc8 50. Rb6 Kd6 51. Rc5 Rxc6 52. Rxd5+ Ke6 53.
Rc5 Rxb6 54. axb6 Rd8+ 55. Kc4 Rb8 56. Rc6+ Kd7 57. Rxg6 Re8 58. Kc5 e3 59.
Rd6+ Kc8 60. Rd1 Kb7 61. Re1 Re4 62. Re2 Kb8 63. g3 Kb7 64. h4 Ka6 65. h5 Kb7
66. h6 Re6 67. h7 Rc6+ 68. Kd5 Rh6 69. Ke5 Rxh7 70. Kxf5 Re7 71. Kg4 Kxb6 72.
Kf3 Kc5 73. Rxe3 Ra7 74. Rd3 Ra1 75. g4 Kc4 76. Rd8 Rf1+ 77. Ke4 Re1+ 78. Kf5
Ra1 79. g5 1-0

[Event "Festivalul International Siciliana 2009"]
[Site "MyTown"]
[Date "2009.09.06"]
[Round "3.3"]
[White "Zaim, Marian"]
[Black "Filip, Lucian"]
[Result "0-1"]
[WhiteElo "2172"]
[BlackElo "2448"]
[PlyCount "122"]
[EventDate "2009.??.??"]

1. Nf3 Nf6 2. c4 c5 3. g3 b6 4. Bg2 Bb7 5. O-O e6 6. Nc3 a6 7. Re1 d6 8. e4 Qc7
9. b3 Nbd7 10. Bb2 Be7 11. d4 cxd4 12. Nxd4 O-O 13. Qd2 Rfe8 14. Rad1 Rad8 15.
h3 Bf8 16. Kh2 Nc5 17. Qe2 g6 18. Nc2 Bg7 19. Ba1 d5 20. e5 Nfe4 21. f4 Nxc3
22. Bxc3 dxc4 23. bxc4 Bxg2 24. Kxg2 Bf8 25. Bb4 Na4 26. Rxd8 Rxd8 27. Bxf8
Kxf8 28. Ne3 Qc6+ 29. Kh2 Rd4 30. Rc1 Qe4 31. Rd1 Nc3 32. Rxd4 Qxd4 33. Qf2 Ne4
34. Qe2 Nc3 35. Qf2 Ne4 36. Qe2 Nd2 37. Kg2 h5 38. h4 Kg7 39. Kf2 Ne4+ 40. Kg2
Nc3 41. Qf2 Qe4+ 42. Kh2 Qd3 43. Kg2 a5 44. Kh2 Ne4 45. Qe1 Nd2 46. Kg2 Qe4+
47. Kf2 Qf3+ 48. Kg1 Ne4 49. Kh2 Nf2 50. Ng2 Ng4+ 51. Kh3 a4 52. Qc1 Qf2 53. a3
Qe2 54. Qe1 Qxc4 55. Ne3 Qe4 56. Ng2 Qc2 57. Qb4 Qd3 58. f5 Qf1 59. f6+ Kg8 60.
Qe1 Qxe1 61. Nxe1 Nxe5 0-1

[Event "Festivalul International Siciliana 2009"]
[Site "MyTown"]
[Date "2009.09.08"]
[Round "5.3"]
[White "Cosma, Ioan"]
[Black "Zaim, Marian"]
[Result "1-0"]
[WhiteElo "2440"]
[BlackElo "2172"]
[PlyCount "69"]
[EventDate "2009.??.??"]

1. d4 Nf6 2. Nf3 c5 3. d5 b5 4. Bg5 Qb6 5. Bxf6 Qxf6 6. c3 d6 7. e4 Bd7 8. Qb3
g5 9. Bxb5 Bxb5 10. Qxb5+ Nd7 11. O-O g4 12. Nfd2 Bh6 13. Nc4 Bf4 14. g3 Bg5
15. Nbd2 Bxd2 16. Nxd2 h5 17. f4 h4 18. Kg2 e6 19. dxe6 Qxe6 20. Qc4 Qh6 21.
Rh1 Ke7 22. Qe2 Rab8 23. Nc4 Nb6 24. Ne3 Kf8 25. Nxg4 Qg7 26. Nf2 Na4 27. Rab1
hxg3 28. hxg3 Rxh1 29. Rxh1 Rxb2 30. Qd1 Nxc3 31. Qxd6+ Ke8 32. Qc6+ Ke7 33. e5
Kd8 34. Rc1 Ne2 35. Rd1+ 1-0

[Event "Festivalul International Siciliana 2009"]
[Site "MyTown"]
[Date "2009.09.10"]
[Round "7.5"]
[White "Spulber, Cicerone"]
[Black "Zaim, Marian"]
[Result "1/2-1/2"]
[WhiteElo "2326"]
[BlackElo "2172"]
[PlyCount "54"]
[EventDate "2009.??.??"]

1. Nf3 g6 2. c4 Bg7 3. Nc3 c5 4. g3 Nc6 5. Bg2 e5 6. O-O Nge7 7. a3 O-O 8. Rb1
a5 9. Ne1 d6 10. Nc2 Be6 11. Ne3 f5 12. d3 h6 13. Ned5 Kh7 14. Nxe7 Qxe7 15.
Nd5 Bxd5 16. Bxd5 Ra7 17. e3 Qd7 18. Bd2 Ne7 19. Bg2 d5 20. Qc2 dxc4 21. dxc4
e4 22. Bc3 Bxc3 23. bxc3 Qe6 24. Qb3 Nc8 25. Rfd1 b6 26. Qb5 Rff7 27. Rd8 Kg7
1/2-1/2

[Event "II ROMGAZ Open"]
[Site "Bucharest ROU"]
[Date "2008.09.12"]
[Round "2.22"]
[White "Zubarev, Alexander"]
[Black "Zaim, Marian"]
[Result "1-0"]
[WhiteElo "2517"]
[BlackElo "2170"]
[PlyCount "107"]
[EventDate "2008.09.11"]
[EventRounds "9"]
[EventCountry "ROM"]

1. e4 c5 2. Nf3 d6 3. d4 cxd4 4. Nxd4 Nf6 5. Nc3 a6 6. Be3 e5 7. Nf3 Qc7 8. a4
b6 9. Nd5 Nxd5 10. Qxd5 Bb7 11. Qb3 Bxe4 12. Ng5 Bg6 13. Bc4 Nc6 14. Bxb6 Qd7
15. O-O h6 16. Nf3 Be7 17. a5 O-O 18. Rfd1 Bf5 19. Bd5 Be6 20. c3 Rfc8 21. Nd2
Nd8 22. Ne4 Nb7 23. Rd3 Bxd5 24. Rxd5 Qe6 25. Rad1 f5 26. Nd2 Rc6 27. Be3 Nd8
28. Nc4 Nf7 29. Nb6 Rb8 30. Qa4 Rc7 31. f3 Bf8 32. Qc2 Nd8 33. Qd3 Ra7 34. b4
Nf7 35. c4 e4 36. fxe4 fxe4 37. Qc2 Re8 38. h3 Rc7 39. R5d4 Qg6 40. Nd5 Rcc8
41. Bf4 Ne5 42. Qxe4 Qxe4 43. Rxe4 Rxc4 44. Rxc4 Nxc4 45. Rc1 Re4 46. b5 Rd4
47. Rxc4 Rxc4 48. bxa6 Rc5 49. Bd2 Rc6 50. a7 Ra6 51. Be3 Rxa5 52. Nc7 Ra1+ 53.
Kf2 Ra2+ 54. Kf3 1-0

[Event "II ROMGAZ Open"]
[Site "Bucharest ROU"]
[Date "2008.09.14"]
[Round "4.22"]
[White "Cosma, Ioan"]
[Black "Zaim, Marian"]
[Result "1-0"]
[WhiteElo "2457"]
[BlackElo "2170"]
[PlyCount "87"]
[EventDate "2008.09.11"]
[EventRounds "9"]
[EventCountry "ROM"]

1. d4 Nf6 2. Nf3 g6 3. g3 Bg7 4. Bg2 O-O 5. O-O d6 6. c4 Nbd7 7. Nc3 e5 8. h3
c6 9. e4 a5 10. Re1 Re8 11. Rb1 exd4 12. Nxd4 Nc5 13. b3 Qb6 14. Be3 Qc7 15.
Qc2 Bd7 16. Rbd1 Rad8 17. Bf4 Bc8 18. Qd2 Nfd7 19. Bg5 f6 20. Be3 Ne5 21. Qc2
Nf7 22. f4 Re7 23. Bf2 Rde8 24. Kh2 f5 25. Re2 fxe4 26. Nxe4 Nxe4 27. Rxe4 Rxe4
28. Bxe4 Bd7 29. Bg2 Bf6 30. Qd2 Bg7 31. Ne2 a4 32. Nc3 axb3 33. axb3 Bf5 34.
Bd4 Bxd4 35. Qxd4 Qe7 36. g4 Bc8 37. Ne4 Rd8 38. Nf6+ Kf8 39. Nxh7+ Kg8 40.
Nf6+ Kf8 41. Rd3 Nh6 42. Re3 Qg7 43. g5 Nf5 44. Qb6 1-0

[Event "II ROMGAZ Open"]
[Site "Bucharest ROU"]
[Date "2008.09.16"]
[Round "6.27"]
[White "Breahna, Radu"]
[Black "Zaim, Marian"]
[Result "1/2-1/2"]
[WhiteElo "2307"]
[BlackElo "2170"]
[PlyCount "184"]
[EventDate "2008.09.11"]
[EventRounds "9"]
[EventCountry "ROM"]

1. c4 Nf6 2. g3 g6 3. Bg2 Bg7 4. Nc3 O-O 5. e3 d6 6. Nge2 Nbd7 7. O-O c5 8. d4
a6 9. b3 Rb8 10. a4 Qc7 11. Bb2 b6 12. d5 e5 13. dxe6 fxe6 14. Qd2 Ne5 15. Rad1
Nf7 16. f4 Bb7 17. e4 Bc6 18. Qd3 Qb7 19. Rd2 b5 20. axb5 axb5 21. cxb5 Bxb5
22. Nxb5 Qxb5 23. Qxb5 Rxb5 24. Nc1 Ne8 25. Bxg7 Nxg7 26. Re1 Ra5 27. Bf1 Rfa8
28. Bc4 Kf8 29. Ne2 Ra1 30. Rxa1 Rxa1+ 31. Kf2 Ke7 32. Nc3 Rh1 33. Kg2 Rc1 34.
Nb5 Ra1 35. Nc3 Ne8 36. Ra2 Rxa2+ 37. Nxa2 Nf6 38. Nc3 Nd7 39. Bd3 Nb6 40. Na4
Nc8 41. h4 Na7 42. Kf3 Nc6 43. Ke3 h6 44. e5 g5 45. exd6+ Kxd6 46. fxg5 hxg5
47. h5 Nce5 48. Be2 Nd7 49. Nc3 Nf6 50. Ne4+ Nxe4 51. Kxe4 Nh6 52. Bc4 Ng4 53.
Kf3 Nh6 54. Ke4 Ng4 55. Be2 Nh6 56. Kd3 Nf5 57. Bg4 Nh6 58. Bf3 Nf5 59. Be4 Nh6
60. Kc4 Ng4 61. Kb5 Nh6 62. Kb6 Ng4 63. Kb7 Kd7 64. Bc6+ Kd6 65. Bf3 Nh6 66.
Kc8 Ke7 67. Kc7 Nf5 68. g4 Nd4 69. Bd1 Nb5+ 70. Kc6 Nc3 71. Bc2 Nd5 72. Kxc5
Ne3 73. b4 Nxg4 74. Kc6 Ne5+ 75. Kc7 Nc4 76. b5 g4 77. Bd3 g3 78. Bf1 Ne3 79.
Bh3 Nd5+ 80. Kc6 Nb4+ 81. Kc5 Nd3+ 82. Kc4 Nf4 83. h6 Nxh3 84. h7 g2 85. h8=Q
g1=Q 86. Qxh3 Qc1+ 87. Kb4 Qd2+ 88. Kc5 Qd6+ 89. Kc4 Qd5+ 90. Kb4 Qd2+ 91. Kb3
Qd5+ 92. Ka4 Qa2+ 1/2-1/2

[Event "II ROMGAZ Open"]
[Site "Bucharest ROU"]
[Date "2008.09.17"]
[Round "7.32"]
[White "Zaim, Marian"]
[Black "Glodeanu, Ion"]
[Result "1/2-1/2"]
[WhiteElo "2170"]
[BlackElo "2244"]
[PlyCount "118"]
[EventDate "2008.09.11"]
[EventRounds "9"]
[EventCountry "ROM"]

1. Nf3 Nf6 2. c4 e6 3. g3 c5 4. Bg2 Nc6 5. O-O d5 6. cxd5 exd5 7. d4 Be7 8. Nc3
O-O 9. Bg5 cxd4 10. Nxd4 h6 11. Be3 Be6 12. Na4 Qd7 13. Nxc6 bxc6 14. Rc1 Bh3
15. Qd3 Rfe8 16. Bd4 Bxg2 17. Kxg2 Ne4 18. h4 Bxh4 19. Nc5 Nxc5 20. Rxc5 Be7
21. Rc2 Rac8 22. Rfc1 Bd8 23. Qa6 Bb6 24. Bxb6 axb6 25. Qxb6 d4 26. Qc5 d3 27.
exd3 Qxd3 28. Qc4 Qf5 29. Qb3 c5 30. Qf3 Qe5 31. b4 Qe6 32. bxc5 Rc6 33. Re1
Qc8 34. Rxe8+ Qxe8 35. Qd5 Qc8 36. Rc3 Qe6 37. Qxe6 fxe6 38. Kf3 Kf7 39. Ke4
Ke7 40. Ke5 Ra6 41. a3 Ra5 42. Kd4 Ra4+ 43. Rc4 Rxa3 44. c6 Kd8 45. Ke5 Kc7 46.
Rf4 Kxc6 47. Kxe6 Kc5 48. Kf7 Ra7+ 49. Kg6 Kd5 50. Rf7 Ra6+ 51. Kxg7 Ke4 52. g4
Rb6 53. f4 Kf3 54. g5 hxg5 55. fxg5+ Kg4 56. g6 Kg5 57. Ra7 Rxg6+ 58. Kf7 Rf6+
59. Ke7 Rf1 1/2-1/2

[Event "Grand Prix Galatzi 2006"]
[Site "?"]
[Date "2006.04.26"]
[Round "1"]
[White "Marin , Mihail"]
[Black "Zaim, Marian"]
[Result "1-0"]
[WhiteElo "2538"]
[BlackElo "2259"]
[PlyCount "81"]
[EventDate "2006.??.??"]

1. c4 g6 2. g3 Bg7 3. Bg2 Nf6 4. Nc3 O-O 5. d4 d6 6. Nf3 Nc6 7. O-O a6 8. d5
Na5 9. Nd2 c5 10. Qc2 Rb8 11. b3 b5 12. Bb2 bxc4 13. bxc4 e5 14. Rae1 Nd7 15.
Nd1 Nb6 16. f4 Bd7 17. Ba1 Re8 18. Nf2 Nb7 19. e4 f6 20. Bf3 Bh6 21. Ng4 Bg7
22. Ne3 Bh6 23. Be2 Rf8 24. Bd3 Qc7 25. h4 Bg4 26. Qc1 Bd7 27. Qd1 Qc8 28. Kh2
Kg7 29. Rf2 Kg8 30. Ndf1 Ba4 31. Qe2 Bd7 32. f5 Bxe3 33. Nxe3 gxf5 34. exf5 Kh8
35. Nf1 Nd8 36. Nd2 Nf7 37. g4 Qd8 38. Ne4 Rg8 39. g5 fxg5 40. Nxd6 Nxd6 41.
Qxe5+ 1-0

[Event "CN Individual masc."]
[Site "Brasov"]
[Date "2004.11.20"]
[Round "1.1"]
[White "Vasiesiu, Dan"]
[Black "Zaim, Marian"]
[Result "1-0"]
[WhiteElo "2414"]
[BlackElo "2209"]
[PlyCount "105"]
[EventDate "2004.11.22"]
[EventType "k.o."]
[EventRounds "5"]
[EventCountry "ROM"]

1. e4 d6 2. d4 Nf6 3. Nc3 g6 4. Nf3 Bg7 5. Be3 c6 6. Qd2 b5 7. Bd3 Nbd7 8. Bh6
Bxh6 9. Qxh6 e5 10. dxe5 dxe5 11. O-O Qe7 12. h3 Bb7 13. Rfd1 a6 14. a4 b4 15.
Nb1 c5 16. Nbd2 O-O-O 17. Qe3 Ne8 18. c3 bxc3 19. bxc3 Nd6 20. Qe2 Nb8 21. Rdb1
Rd7 22. Rb6 Rc7 23. Rab1 Rd8 24. Bc4 Nxc4 25. Nxc4 Nc6 26. R6b2 Kb8 27. Ne3 Ka7
28. Nd5 Rxd5 29. exd5 Na5 30. c4 e4 31. Nd2 Bc8 32. Qe3 f5 33. Qc3 Nb7 34. Qb3
Qf6 35. Qb6+ Qxb6 36. Rxb6 Na5 37. Kf1 Bd7 38. Rf6 Rb7 39. Rf7 Bxa4 40. Rbxb7+
Nxb7 41. Rxh7 Kb6 42. Rg7 Be8 43. Re7 Nd6 44. Re6 Kc7 45. Nb3 Bd7 46. Rxg6 Nxc4
47. Nxc5 a5 48. Nxd7 Kxd7 49. Ra6 f4 50. h4 e3 51. fxe3 Nxe3+ 52. Kf2 Nxd5 53.
Rxa5 1-0

[Event "CN Individual masc."]
[Site "Brasov"]
[Date "2004.11.21"]
[Round "1.2"]
[White "Zaim, Marian"]
[Black "Vasiesiu, Dan"]
[Result "1-0"]
[WhiteElo "2209"]
[BlackElo "2414"]
[PlyCount "97"]
[EventDate "2004.11.22"]
[EventType "k.o."]
[EventRounds "5"]
[EventCountry "ROM"]

1. Nf3 Nf6 2. c4 g6 3. g3 Bg7 4. Bg2 d5 5. O-O O-O 6. cxd5 Nxd5 7. d4 Nb6 8.
Nc3 Nc6 9. e3 Re8 10. Qc2 e5 11. dxe5 Nxe5 12. Nxe5 Bxe5 13. b3 c6 14. Bb2 Qe7
15. Rad1 Bg4 16. f3 Be6 17. f4 Bg7 18. e4 Rad8 19. h3 Rxd1 20. Rxd1 Rd8 21. Kh2
Rxd1 22. Qxd1 Qd7 23. Qe2 h5 24. e5 Nd5 25. Ne4 h4 26. Nf2 Qe7 27. Be4 hxg3+
28. Kxg3 Qc5 29. Ng4 Qg1+ 30. Bg2 Ne7 31. Ne3 Nf5+ 32. Nxf5 Bxf5 33. Qd2 Be4
34. Bd4 Qxg2+ 35. Qxg2 Bxg2 36. Kxg2 b6 37. Kf3 Kf8 38. f5 gxf5 39. Kf4 Ke7 40.
Kxf5 Bh6 41. Bf2 Bg7 42. Be3 Kf8 43. h4 Kg8 44. h5 Bf8 45. e6 fxe6+ 46. Kxe6
Kh7 47. Kd7 c5 48. Kc6 Bg7 49. a4 1-0

[Event "CN Individual masc."]
[Site "Brasov"]
[Date "2004.11.22"]
[Round "2.1"]
[White "Moldovan , Daniel"]
[Black "Zaim, Marian"]
[Result "1/2-1/2"]
[WhiteElo "2427"]
[BlackElo "2209"]
[PlyCount "38"]
[EventDate "2004.11.22"]
[EventType "k.o."]
[EventRounds "5"]
[EventCountry "ROM"]

1. e4 d6 2. d4 Nf6 3. Nc3 g6 4. Nf3 Bg7 5. Be2 O-O 6. O-O c6 7. a4 a5 8. Be3
Na6 9. Nd2 Nb4 10. Ncb1 d5 11. c3 Na6 12. e5 Ne8 13. f4 f6 14. Na3 Nec7 15. Bd3
fxe5 16. fxe5 Bf5 17. Bxf5 Rxf5 18. Nf3 Ne6 19. Qd2 Qd7 1/2-1/2

[Event "CN Individual masc."]
[Site "Brasov"]
[Date "2004.11.23"]
[Round "2.2"]
[White "Zaim, Marian"]
[Black "Moldovan , Daniel"]
[Result "0-1"]
[WhiteElo "2209"]
[BlackElo "2427"]
[PlyCount "62"]
[EventDate "2004.11.22"]
[EventType "k.o."]
[EventRounds "5"]
[EventCountry "ROM"]

1. Nf3 d5 2. c4 e6 3. g3 dxc4 4. Qa4+ c6 5. Qxc4 b5 6. Qb3 Bb7 7. Bg2 Nf6 8.
O-O Nbd7 9. d4 Qb6 10. a4 a6 11. axb5 axb5 12. Rxa8+ Bxa8 13. Nc3 Be7 14. Bf4
O-O 15. Rd1 b4 16. Nb1 c5 17. dxc5 Nxc5 18. Be3 Ng4 19. Bxc5 Bxc5 20. e3 Bxe3
21. fxe3 Nxe3 22. Rd3 Bd5 23. Qa4 Nc4+ 24. Kh1 Nxb2 25. Qc2 Nxd3 26. Qxd3 Rc8
27. h4 Qf2 28. Kh2 Bxf3 29. Qxf3 Qxf3 30. Bxf3 Rc2+ 31. Kh3 f5 0-1